Loading...
| Social Science | 1 | 8 | 1 | 2 | 90 | 78 | 116.22 | 8 | 9 | 0.00 | 0.00 |
| Science - Physics | 1 | 6 | 1 | 0 | 70 | 21 | 81.00 | 6 | 7 | 0.00 | 0.00 |
| Fine Arts - Other | 1 | 4 | 0 | 0 | 55 | 42 | 111.80 | 5 | 5 | 0.00 | 0.00 |
| Fine Arts - Painting and Sculpture | 0 | 6 | 1 | 0 | 55 | 90 | 119.83 | 5 | 6 | 0.00 | 0.00 |
| Science - Chemistry | 2 | 3 | 3 | 0 | 45 | 49 | 73.80 | 4 | 5 | 0.00 | 0.00 |
| Fine Arts - Classical Music | 1 | 3 | 1 | 0 | 40 | 31 | 83.25 | 4 | 4 | 0.00 | 0.00 |
| Philosophy | 1 | 2 | 1 | 0 | 30 | 61 | 77.33 | 3 | 3 | 0.00 | 0.00 |
| Science - Other | 1 | 1 | 1 | 0 | 20 | 67 | 87.50 | 1 | 2 | 0.00 | 0.00 |
| Other Academic | 1 | 0 | 0 | 0 | 15 | 63 | 63.00 | 1 | 1 | 0.00 | 0.00 |
| Short Fiction and Other | 0 | 1 | 0 | 0 | 10 | 89 | 89.00 | 1 | 1 | 0.00 | 0.00 |
| Literature - Misc | 0 | 1 | 0 | 0 | 10 | 102 | 102.00 | 1 | 1 | 0.00 | 0.00 |
| Religion | 0 | 1 | 0 | 0 | 10 | 138 | 138.00 | 1 | 1 | 0.00 | 0.00 |
| Literature - Long Fiction | 0 | 1 | 0 | 0 | 10 | 141 | 141.00 | 1 | 1 | 0.00 | 0.00 |
| Literature - Drama | 0 | 1 | 0 | 0 | 10 | 132 | 132.00 | 0 | 1 | 0.00 | 0.00 |
| Literature - Poetry | 0 | 1 | 0 | 0 | 10 | 104 | 104.00 | 1 | 1 | 0.00 | 0.00 |
| History - Ancient | 0 | 1 | 0 | 0 | 10 | 82 | 82.00 | 0 | 1 | 0.00 | 0.00 |
| Science - Biology | 0 | 2 | 3 | 0 | 5 | 81 | 92.50 | 2 | 2 | 0.00 | 0.00 |
| Science - Math | 0 | 0 | 1 | 0 | -5 | 0.00 | 0 | 0 | 0.00 | 0.00 | |
| Mythology | 0 | 0 | 1 | 0 | -5 | 0.00 | 0 | 0 | 0.00 | 0.00 | |
| Geography | 0 | 0 | 1 | 0 | -5 | 0.00 | 0 | 0 | 0.00 | 0.00 |